00732nam a2200229 a 450000100060000000300080000600500170001400800410003103500190007204000270009104100080011808200220012610000200014824500730016826000370024130000320027849000790031050000200038965000210040970000170043083000550044767342BD-RjUL20211209081635.0170323s1964 maua 001 0 eng d a(BD-RjUL)67473 aDLCcCMCdBD-RjULbeng aeng 223a532bLIP 19641 aLi, Wen-Hsiung.10aPrinciples of fluid mechanics /cby Wen-hsiung Li [and] Sau-hai Lam. aLondon :bAddison-Wesley,c1964. ax, 374 p. :bill. ;c24 cm.1 aAddison-Wesley series in engineering science. Mechanics and thermodynamics aIncludes index. 0aFluid mechanics.1 aLam, Sau-hai 0aAddison-Wesley series in the engineering sciences.